000 00308nam a22001337a 4500
008 181017b xxu||||| |||| 00| 0 eng d
020 _a9780827350106
041 _aeng
080 _24th
_a610
100 _a4
101 _aSHM
245 _aIntroduction to Health Services
_cWilliams,S.J
942 _2udc
_cBK
999 _c50051
_d50051